| 000 | 02734nam0a2200373 4500 | ||
|---|---|---|---|
| 001 | RU\NLR\BIBL_A\022642808 | ||
| 005 | 20251218102133.0 | ||
| 010 |
_a978-5-8037-0981-7 _9300 |
||
| 021 |
_aRU _bКН-П-25-052493 _9КН-П-25-5067 |
||
| 035 | _a(NLR Aleph) 022642808 | ||
| 090 |
_a13506747 _c13506747 |
||
| 100 | _a20251013d2025 u y0rusy50 ca | ||
| 101 | 0 | _arus | |
| 102 | _aRU | ||
| 105 | _aa j 000yy | ||
| 181 | 0 |
_ai _baxxe |
|
| 182 | 0 | _an | |
| 200 | 1 |
_aЭкономическая оценка реальных инвестиционных проектов: теория и практика _eучебное пособие для специалистов, аспирантов, магистрантов, студентов вузов _eпо направлениям "Менеджмент", "Экономика" _fТ. Б. Малкова, К. С. Еленев, В. Н. Андреев _gМинистерство науки и высшего образования Российской Федерации, Федеральное государственное автономное образовательное учреждение высшего образования "Московский государственный технологический университет "Станкин" |
|
| 203 |
_aТекст _bвизуальный _cнепосредственный |
||
| 210 |
_aМосква _cЯнус-К _d2025 |
||
| 215 |
_a251 с. _cтабл. _d21 |
||
| 300 | _aЗагл. обл. и корешка: Экономическая оценка реальных инвестиционных проектов | ||
| 300 | _aНа обороте тит. с. авт.: Т. Б. Малкова – д-р экон. наук, проф., К. С. Еленев – канд. экон. наук, доц., В. Н. Андреев – д-р экон. наук, доц. | ||
| 320 | _aБиблиогр.: с. 92–93 (27 назв.) | ||
| 512 | 1 | _aЭкономическая оценка реальных инвестиционных проектов | |
| 606 | 1 |
_aИнвестиционные проекты _jУчебные издания для высших учебных заведений _xОценка _yРоссийская Федерация _92133964 _3RU\NLR\AUTH\661287034 |
|
| 686 | 1 | _aУ9(2)-56-07(2Р)я73 | |
| 700 | 1 |
_aМалкова _bТ. Б. _gТатьяна Борисовна |
|
| 701 | 1 |
_aЕленев _bК. С. _gКонстантин Сергеевич |
|
| 701 | 1 |
_7ca _8rus _aАндреев _bВ. Н. _cд-р экон. наук _f1985- _gВладимир Николаевич _992761 _3RU\NLR\AUTH\77109836 |
|
| 942 | _cBOOK | ||
| 980 | _aNB | ||